Pensamiento postmetafísico

Saved in:
Bibliografiske detaljer
Hovedforfatter: Habermas, Jürgen (Author)
Andre forfattere: Jiménez Redondo, Manuel (traductor)
Format: Bog
Sprog:spansk
Udgivet: Madrid Taurus 1990
Serier:Taurus humanidades. Filosofía
Fag:
Tags: Tilføj Tag
Ingen Tags, Vær først til at tagge denne postø!

MARC

LEADER 00000nam a2200000 a 4500
001 UCX5513
003 CL-VaPUC
005 20211126125829.0
008 921120e19900000SP |||||||||||||||||spa|d
999 |c 225737  |d 225735 
040 |c Pontificia Universidad Católica de Valparaíso 
082 0 4 |a 110  |b HAB  |2 21 
100 |a Habermas, Jürgen  |e author  |9 334310 
245 1 0 |a Pensamiento postmetafísico 
260 |a Madrid  |b Taurus  |c 1990 
300 |a 280 p 
490 0 |a Taurus humanidades. Filosofía 
583 |a last modification  |c 19921120 00:00:00  |k Rodrigo Vera 
650 0 |a Metafísica  |9 265649 
700 1 |a Jiménez Redondo, Manuel  |e traductor  |9 864933 
942 |c BK  |2 ddc 
945 |d 19921120 00:00:00  |a aalvarez 
952 |0 0  |1 0  |4 0  |6 110_000000000000000_HAB_1990  |7 0  |8 A  |9 223506  |a BIBEDU  |b BIBEDU  |d 2019-11-15  |i 3282929  |o 110 HAB 1990  |p 3282929  |r 2019-11-15  |w 2019-11-15  |y BK  |k FIL 
952 |0 0  |1 0  |4 0  |6 110_000000000000000_HAB_1990  |7 0  |8 A  |9 223507  |a BIBART  |b BIBART  |d 2019-11-15  |i 3407322  |o 110 HAB 1990  |p 3407322  |r 2025-03-13  |w 2019-11-15  |y BK  |k ART